000
00307nam a22001217a 4500
008
180426b xxu||||| |||| 00| 0 eng d
041
_a
eng
080
_a
043.3
100
_a
0
101
_a
MBE-BA
245
_a
Ndikimi i Marketingut ne Performancen e Bizneseve: Rasti Kosove
_c
Mulliqi, V
942
_2
udc
_c
BK
999
_c
45591
_d
45591